| 000 | 00407nam a2200169Ia 4500 | ||
|---|---|---|---|
| 001 | 11451 | ||
| 008 | 140331s9999 xx 000 0 und d | ||
| 020 | _a0-409-30979-6 | ||
| 040 | _cPK-LaUMT | ||
| 082 |
_a 657.1511 _bSMI-S |
||
| 100 | _aSmith, Malcolm | ||
| 245 |
_aStrategic management accounting issus and cases _cSmith, Malcolm |
||
| 260 | _c1995 | ||
| 300 | _a225 p. | ||
| 546 | _aEN | ||
| 942 | _cBK | ||
| 999 |
_c12335 _d12335 |
||